000
00329nam a2200121Ia 4500
008
171205s9999 xx 000 0 und d
020
_a
9780702054426
100
_a
Naidoo, Jennie.
245
_c
Jennie Naidoo, Jane Wills
_a
Foundations for Health Promotion
250
_a
4th ed.
260
_b
Elsevier
_c
2016
300
_a
335 pages
999
_c
347344
_d
347344